|
|
|
|
| LEADER |
00000nam0a2200000 4500 |
| 001 |
217025 |
| 005 |
20231031194412.0 |
| 020 |
|
|
|a RU
|b 90-354
|
| 035 |
|
|
|a (RuTPU)RU\TPU\book\237001
|
| 090 |
|
|
|a 217025
|
| 100 |
|
|
|a 20120530d1989 k a0rusy5003 ca
|
| 101 |
0 |
|
|a rus
|
| 102 |
|
|
|a RU
|
| 105 |
|
|
|a y z 001zy
|
| 200 |
1 |
|
|a Структурная перестройка машиностроения Урала на основе ускорения научно-технического прогресса
|e сборник научных трудов
|f Академия наук СССР (АН СССР), Уральское отделение ; под ред. Г. Ф. Пешкова ; А. Г. Мокроносова
|
| 210 |
|
|
|a Свердловск
|c УрО АН СССР
|d 1989
|
| 215 |
|
|
|a 122,[3] с.
|d 22 см
|
| 610 |
1 |
|
|a машиностроительная промышленность
|
| 610 |
1 |
|
|a Урал
|
| 610 |
1 |
|
|a перестройка
|
| 610 |
1 |
|
|a ускорение
|
| 610 |
1 |
|
|a научно-технический прогресс
|
| 610 |
1 |
|
|a техническая реконструкция
|
| 675 |
|
|
|a 621.002:658.589
|z rus
|
| 702 |
|
1 |
|a Пешков
|b Г. Ф.
|g Геннадий Федорович
|4 340
|
| 702 |
|
1 |
|a Мокроносов
|b А. Г.
|4 340
|
| 712 |
0 |
2 |
|a Академия наук СССР (АН СССР)
|b Уральское отделение
|2 stltpush
|3 (RuTPU)RU\TPU\col\11479
|
| 801 |
|
0 |
|a RU
|b RuMRKP
|c 19950417
|g psbo
|
| 801 |
|
1 |
|a RU
|b 63413507
|c 20120530
|
| 801 |
|
2 |
|a RU
|b 63413507
|c 20190417
|g RCR
|
| 942 |
|
|
|c BK
|